<?xml version="1.0" encoding="UTF-8"?><?xml-stylesheet type="text/xsl" href="static/style.xsl"?><OAI-PMH xmlns="http://www.openarchives.org/OAI/2.0/" xmlns:xsi="http://www.w3.org/2001/XMLSchema-instance" xsi:schemaLocation="http://www.openarchives.org/OAI/2.0/ http://www.openarchives.org/OAI/2.0/OAI-PMH.xsd"><responseDate>2026-04-17T16:19:54Z</responseDate><request verb="GetRecord" identifier="oai:www.recercat.cat:20.500.14342/460" metadataPrefix="marc">https://recercat.cat/oai/request</request><GetRecord><record><header><identifier>oai:recercat.cat:20.500.14342/460</identifier><datestamp>2025-10-30T20:03:02Z</datestamp><setSpec>com_2072_482405</setSpec><setSpec>com_2072_183628</setSpec><setSpec>col_2072_482410</setSpec></header><metadata><record xmlns="http://www.loc.gov/MARC21/slim" xmlns:dcterms="http://purl.org/dc/terms/" xmlns:xsi="http://www.w3.org/2001/XMLSchema-instance" xmlns:doc="http://www.lyncode.com/xoai" xsi:schemaLocation="http://www.loc.gov/MARC21/slim http://www.loc.gov/standards/marcxml/schema/MARC21slim.xsd">
   <leader>00925njm 22002777a 4500</leader>
   <datafield ind2=" " ind1=" " tag="042">
      <subfield code="a">dc</subfield>
   </datafield>
   <datafield ind2=" " ind1=" " tag="720">
      <subfield code="a">Coll-Rubio, Patricia</subfield>
      <subfield code="e">author</subfield>
   </datafield>
   <datafield ind2=" " ind1=" " tag="720">
      <subfield code="a">Micó, Josep-Lluís</subfield>
      <subfield code="e">author</subfield>
   </datafield>
   <datafield ind2=" " ind1=" " tag="260">
      <subfield code="c">2019</subfield>
   </datafield>
   <datafield ind2=" " ind1=" " tag="520">
      <subfield code="a">El crecimiento es la única forma de hacer frente a la vertiginosa velocidad del nuevo contexto interconectado.&#xd;
Ante esta necesidad, en la nueva economía surge un nuevo&#xd;
planteamiento en la forma de abordar la comunicación, es&#xd;
el denominado growth hacking, que ha llegado a ser considerado el nuevo marketing por los referentes teóricos de&#xd;
Silicon Valley.&#xd;
En este trabajo, se presenta un estudio exploratorio, realizado en España, siguiendo los principios de la Grounded&#xd;
Theory, en base a la elaboración de tres casos de estudio de&#xd;
marcas de la nueva economía (Wallapop, Westwing y Fotocasa), que muestran un planteamiento growth hacker en sus&#xd;
estrategias comunicativas, poniendo el foco en el usuario y&#xd;
en las audiencias de sus canales de comunicación, a través&#xd;
de acciones de integradas de publicidad, marketing de contenidos, influencer marketing y relaciones públicas</subfield>
   </datafield>
   <datafield ind2=" " ind1=" " tag="520">
      <subfield code="a">Growth is the only way to cope with the dizzying speed of&#xd;
the new interconnected context. Given this need, in the new&#xd;
economy arises a new approach in the way of addressing&#xd;
communication, called growth hacking, which has come to&#xd;
be considered the new marketing by the theoretical referents&#xd;
of Silicon Valley.&#xd;
In this work, an exploratory study is presented, carried out in&#xd;
Spain, following the principles of the Grounded Theory, based&#xd;
on the elaboration of three case studies of brands of the&#xd;
new economy (Wallapop, Westwing and Fotocasa), which&#xd;
show an approach growth hacker in its communicative strategies, placing the focus on the user and the audiences of&#xd;
its communication channels, through integrated actions of&#xd;
advertising, content marketing, influencer marketing and&#xd;
public relations.</subfield>
   </datafield>
   <datafield ind1="8" ind2=" " tag="024">
      <subfield code="a">http://hdl.handle.net/20.500.14342/460</subfield>
   </datafield>
   <datafield ind1="8" ind2=" " tag="024">
      <subfield code="a">http://dx.doi.org/10.31009/hipertext.net.2019.i18.02</subfield>
   </datafield>
   <datafield tag="653" ind2=" " ind1=" ">
      <subfield code="a">Mitjans de comunicació social</subfield>
   </datafield>
   <datafield tag="653" ind2=" " ind1=" ">
      <subfield code="a">Màrqueting</subfield>
   </datafield>
   <datafield tag="653" ind2=" " ind1=" ">
      <subfield code="a">Relacions públiques</subfield>
   </datafield>
   <datafield tag="653" ind2=" " ind1=" ">
      <subfield code="a">Growth hacking</subfield>
   </datafield>
   <datafield ind2="0" ind1="0" tag="245">
      <subfield code="a">El Growth hacking en la estrategia de captación de audiencias en la nueva economía</subfield>
   </datafield>
</record></metadata></record></GetRecord></OAI-PMH>